| 000 | 00668nam a22002177a 4500 | ||
|---|---|---|---|
| 003 | OSt | ||
| 005 | 20160613184756.0 | ||
| 008 | 150901b xxu||||| |||| 00| 0 eng d | ||
| 020 | _a9780340985113 | ||
| 040 | _cDNLM | ||
| 082 | _aWG18 L576c 2010 | ||
| 100 |
_aLevick, Rodney J. _95635 |
||
| 245 |
_aAn introduction to Cardiovascular physiology: _bquestions for self assessment with illustrated answers |
||
| 250 | _a5th ed. | ||
| 260 |
_aUK; _bArnold, _c2010 |
||
| 300 |
_avi,266p; _bcol.ill: _c25cm |
||
| 504 | _aAcknowledgements, references, & index included | ||
| 650 |
_aCardiovascular system _95636 |
||
| 650 |
_aCardiovascular MCQS _99380 |
||
| 942 |
_2z _cO_SHELF |
||
| 999 |
_c2208 _d2208 |
||